000 00469nam a2200157 4500
001 111117
003 ES-MaACL
005 20230906185238.0
007 t|
008 061121s1970 sp r ||||1| spa d
100 1 _aNagy, Edward.
_984856
245 1 0 _aVillanos, hampones y soldados en tres comedias de Luis Vélez de Guevara /
_cEdward Nagy.
260 _aValladolid :
_bSever-Cuesta,
_c1979.
300 _a45 p. ;
_c22 cm.
852 _aES-MaACL
_j2105-F-17
_bR.99260
999 _c111117
_d111117